000 00885nas a2200289 4500
001 BR2014006957
003 BR-BrBNA
005 20231205124702.0
007 ta
008 230509b bl.|||p| |||| 00| 00por d
040 _aBR-BrBNA
_bpor
_cBiblioteca Nacional de Agricultura
041 _a(Es)
072 _aF08
100 1 _aPulido, E.E.
100 1 _aBoff, P.
100 1 _aDuarte, T.S.
100 1 _aBoff, M.I.C.
245 1 _aPreparado homeopáticos en el crecimiento y en la producción de repolho cultivado en sistema orgánico
650 _aREPOLHO
650 _aBRASSICA OLERACEA
650 _aPRODUÇÃO ORGÂNICA
650 _aSISTEMA DE CULTIVO
650 _aHOMEOPATIA
773 0 _tHorticultura Brasileira (Brazil)
_xISSN 0102-0536
_g(Jul-Sep 2014), v. 32(2) p. 267-272
_wBR2014006957
909 _a202311
_bLúcia
_c55
_dLúcia Elande
942 _2AGRIS
_n0
_cANA
999 _c240379
_d240379